Sports Quiz

Random Sports Quiz

Les XI victorieux à Dijon Quiz Stats

 Plays Quiz not verified by Sporcle

Support Sporcle.
Go Orange.
Score 0/55 Timer 05:00
0 Plays Today
Année Joueurs % Correct
2011-2012 (1-2)Stéphane Ruffier
98.9%
2016-2017 (0-1)Stéphane Ruffier
98.9%
2017-2018 (0-1)Stéphane Ruffier
98.9%
2018-2019 (0-1)Stéphane Ruffier
98.9%
2019-2020 (1-2)Stéphane Ruffier
98.9%
2016-2017 (0-1)Loïc Perrin
93.3%
2017-2018 (0-1)Loïc Perrin
93.3%
2018-2019 (0-1)Loïc Perrin
93.3%
2019-2020 (1-2)Loïc Perrin
93.3%
2016-2017 (0-1)Romain Hamouma
89.9%
2019-2020 (1-2)Romain Hamouma
89.9%
2011-2012 (1-2)Pierre-Emerick Aubameyang
86%
2018-2019 (0-1)Wahbi Khazri
85.5%
2019-2020 (1-2)Wahbi Khazri
85.5%
2019-2020 (1-2)Mathieu Debuchy
82.7%
2019-2020 (1-2)Denis Bouanga
79.3%
2011-2012 (1-2)Max-Alain Gradel
77.7%
2016-2017 (0-1)Robert Beric
77.7%
2019-2020 (1-2)Miguel Trauco
77.1%
2016-2017 (0-1)Ole Selnaes
72.1%
2017-2018 (0-1)Ole Selnaes
72.1%
2019-2020 (1-2)Ryad Boudebouz
70.4%
2011-2012 (1-2)Faouzi Ghoulam
67%
2019-2020 (1-2)Harold Moukoudi
65.4%
2018-2019 (0-1)Gabriel Silva
59.2%
2018-2019 (0-1)Neven Subotic
55.3%
2011-2012 (1-2)Fabien Lemoine
52%
2018-2019 (0-1)Yann M'Vila
49.7%
Année Joueurs % Correct
2019-2020 (1-2)Yann M'Vila
49.7%
2011-2012 (1-2)Banel Nicolita
42.5%
2011-2012 (1-2)Jérémy Clément
42.5%
2019-2020 (1-2)Jean-Eudes Aholou
42.5%
2017-2018 (0-1)Rémy Cabella
41.3%
2018-2019 (0-1)Rémy Cabella
41.3%
2017-2018 (0-1)Jonathan Bamba
36.3%
2016-2017 (0-1)Kévin Monnet-Paquet
34.1%
2016-2017 (0-1)Jordan Veretout
29.6%
2017-2018 (0-1)Loïs Diony
29.6%
2018-2019 (0-1)Loïs Diony
29.6%
2017-2018 (0-1)Saidy Janko
25.7%
2016-2017 (0-1)Henri Saivet
23.5%
2011-2012 (1-2)Jean-Pascal Mignot
22.9%
2016-2017 (0-1)Cheikh M'Bengue
22.9%
2011-2012 (1-2)Sylvain Marchal
21.2%
2017-2018 (0-1)Habib Maïga
20.7%
2017-2018 (0-1)Bryan Dabo
17.9%
2016-2017 (0-1)Ronaël Pierre-Gabriel
17.3%
2017-2018 (0-1)Ronaël Pierre-Gabriel
17.3%
2018-2019 (0-1)Youssef Aït Bennasser
15.6%
2018-2019 (0-1)Pierre-Yves Polomat
15.1%
2016-2017 (0-1)Kévin Théophile-Catherine
14%
2017-2018 (0-1)Kévin Théophile-Catherine
14%
2018-2019 (0-1)Timothée Kolodziejczak
12.8%
2011-2012 (1-2)Albin Ebondo
11.2%
2011-2012 (1-2)Florent Sinama-Pongolle
10.6%

You're not logged in!

Compare scores with friends on all Sporcle quizzes.
OR
Log In

From the Vault

Comic Strip by Supporting Character

by Hejman

It's amazing what you can figure out by animation style alone.

You Might Also Like...

Remove Ads.
Support Sporcle.
Get the best of Sporcle when you Go Orange. This ad-free experience offers more features, more stats, and more fun while also helping to support Sporcle. Thank you for becoming a member.

Show Comments

Extras

Created Dec 5, 2020ReportNominate
Tags:induce, les

Top Quizzes Today


Score Distribution

Your Account Isn't Verified!

In order to create a playlist on Sporcle, you need to verify the email address you used during registration. Go to your Sporcle Settings to finish the process.

Report this User

Report this user for behavior that violates our Community Guidelines.

Details: